000 00585nam a2200193Ia 4500
005 20260120132201.0
008 008 260114s9999 xx 000 0 eng d
020 _a9780197700372
037 _aEBOOK
040 _aCRL
_beng
_cCRL
041 _aeng
_2eng
084 _qCRL
100 _aKeller
_9935945
245 0 _aBioeconomics of Invasive Species: Integrating Ecology, Economics, Policy, and Management
260 _bOxford University PressOxford University Press
_c2023
856 _uhttps://academic.oup.com/book/50980
942 _cEBOOK
999 _c1527868
_d1527868